Water resources in the Arab Middle East and North Africa / (Record no. 12286)

MARC details
000 -LEADER
fixed length control field 00992nam a2200313 4500
001 - CONTROL NUMBER
control field 3254705
005 - DATE AND TIME OF LATEST TRANSACTION
control field 20150825152856.0
008 - FIXED-LENGTH DATA ELEMENTS--GENERAL INFORMATION
fixed length control field 000
010 ## - LIBRARY OF CONGRESS CONTROL NUMBER
LC control number 80485486
015 ## - NATIONAL BIBLIOGRAPHY NUMBER
National bibliography number GB***
020 ## - INTERNATIONAL STANDARD BOOK NUMBER
International Standard Book Number 0906559006
International Standard Book Number 0906559014 (pbk.)
040 ## - CATALOGING SOURCE
Original cataloging agency UOEL
Transcribing agency DLC
Modifying agency DLC
043 ## - GEOGRAPHIC AREA CODE
Geographic area code aw-----
-- ff-----
050 00 - LIBRARY OF CONGRESS CALL NUMBER
Classification number GB791
Item number .G57
082 00 - DEWEY DECIMAL CLASSIFICATION NUMBER
Classification number 553.7/0956
Edition number 19
100 1# - MAIN ENTRY--PERSONAL NAME
Personal name Gischler, Ch. E.
245 10 - TITLE STATEMENT
Title Water resources in the Arab Middle East and North Africa /
Statement of responsibility, etc by Christiaan E. Gischler.
260 ## - PUBLICATION, DISTRIBUTION, ETC. (IMPRINT)
Place of publication, distribution, etc Cambridge, Eng. :
Name of publisher, distributor, etc Middle East & North African Studies Press,
Date of publication, distribution, etc 1979.
300 ## - PHYSICAL DESCRIPTION
Extent xii, 132 p. :
Other physical details ill. ;
Dimensions 22 cm.
500 ## - GENERAL NOTE
General note "Based on a UNESCO working document no. SC-76/CASTARAB/3."
504 ## - BIBLIOGRAPHY, ETC. NOTE
Bibliography, etc Bibliography: p. [119]-126.
650 #0 - SUBJECT ADDED ENTRY--TOPICAL TERM
Topical term or geographic name as entry element Hydrology
Geographic subdivision Middle East.
Topical term or geographic name as entry element Hydrology
Geographic subdivision Africa, North.
Topical term or geographic name as entry element Water-supply
Geographic subdivision Middle East.
Topical term or geographic name as entry element Water-supply
Geographic subdivision Africa, North.
906 ## - LOCAL DATA ELEMENT F, LDF (RLIN)
a 7
b cbc
c orignew
d 4
e ncip
f 19
g y-gencatlg
942 ## - ADDED ENTRY ELEMENTS (KOHA)
Source of classification or shelving scheme Library of Congress Classification
Item type Loan - Normal on open shelf
Holdings
Withdrawn status Lost status Source of classification or shelving scheme Damaged status Not for loan Home library Current library Shelving location Date acquired Total Checkouts Full call number Barcode Date last seen Copy number Price effective from Koha item type
    Library of Congress Classification     UOE Main Library UOE Main Library Open shelf 25/08/2015   GB791 .G57 10018429 27/04/2026 10018429 25/08/2015 Loan - Normal on open shelf
    Library of Congress Classification     UOE Main Library UOE Main Library Open shelf 21/07/2017   GB791 .G57 10011768 27/04/2026 10011768 21/07/2017 SES Book